00521cam a22002051 4500001001300000003000400013005001700017008004100034010001700075035002000092040002100112042001200133050001700145100002300162245004900185260001100234300001800245651003500263999001700298ne 68000809 DLC20260227111839.0950421s1960 xx 000 0 arao  ane 68000809  a(OCoLC)32352686 aDLCcCUdCUdDLC apremarc00aDS79.65b.N31 aNājī, Hilāl.10aMaʼsāt al-muḥāmīn fī al-ʻIrāq. c[1960] a55 p.c20 cm. 0aIraqxPolitics and government. c50170d50170